| 000 | 00526nam a22001577a 4500 | ||
|---|---|---|---|
| 999 |
_c60642 _d60642 |
||
| 005 | 20230928103757.0 | ||
| 008 | 230928s1984 enk||||| |||| 00| 0 eng d | ||
| 041 | _aeng | ||
| 080 | _a069 Th-44 | ||
| 100 |
_aThemelis, Petros G. _919939 |
||
| 245 |
_aDelphi: _bThe Archaeological Site and the Museum / _cPetros G. Themelis. |
||
| 264 |
_aAthen, _c1984. |
||
| 300 |
_a100 p.: _bill.; _c32 cm. |
||
| 653 | _aდელფი: არქეოლოგიური ადგილი და მუზეუმი | ||
| 942 |
_2udc _cBK |
||